LEADER 01074nam a2200217 4500 001 000000357033 003 CaOOAMICUS 005 20240202122620.0 008 240202s1906 it 000 u ita r 040 $aSeMil$bita 100 1 $aMeda, Michele.$0(OLS)http://semarc/name/119092 245 10$aContributo alla casuistica delle lesioni chirurgiche del cuore :$bFerita di punta e taglio penetrante del ventricolo destro. Sutura-guarigione /$cdott. Michele Meda. 264 1$aMilano :$bModiano,$c1906. 300 $a16 p. ;$c24 cm 500 $aEstratto da: Giornale "L'Ospedale Maggiore", Anno 1. - 1906 650 4$aChirurgia.$0(OLS)http://semarc/subject/33782 850 $aSeMil 852 $aSeMil$W1$xVenegono$y1$m5C IV 9/29$j245762$B248216$CSeMilBibl$Z2$F248216 $81 996 $6245$aContributo alla casuistica delle lesioni chirurgiche del cuore :$bFerita di punta e taglio penetrante del ventricolo destro. Sutura-guarigione$9(OLS)http://semarc/title/447275 996 $6264$aMilano :$bModiano$9(OLS)http://semarc/publisher/48100 LEADER 00957nam a2200217 i 4500 001 000000184706 003 CaOOAMICUS 005 20100118000000.0 008 100118s1908 it u000 u ita u 013 $a162688 040 $aSeMil$bita 100 1 $aAntonelli, Mercurio.$0(OLS)http://semarc/name/67863 245 13$aLa dominazione pontificia nel Patrimonio negli ultimi venti anni del periodo Avignonese /$cM. Antonelli. 260 $aRoma :$b[s.n.],$c1908. 300 $a157 p. ;$c25 cm. 500 $aAi pič del front : A cura della R. Societā romana di storia e patria. 650 4$aAvignone - Papato.$0(OLS)http://semarc/subject/4937 850 $aSeMil 852 $aSeMil$W1$xVenegono$y1$m3E IV 163$j135398$B135398$CSeMilBibl$Z2$F146992 $81 996 $6245$aLa dominazione pontificia nel Patrimonio negli ultimi venti anni del periodo Avignonese$9(OLS)http://semarc/title/265212 996 $6260$aRoma :$b[s.n.]$9(OLS)http://semarc/publisher/29738